LEADER 01283nam a2200349 i 4500 001 991000806559707536 005 20020507173829.0 008 940725s1985 us ||| | eng 020 $a0124687202 035 $ab10759852-39ule_inst 035 $aLE01302615$9ExL 040 $aDip.to Matematica$beng 082 0 $a519.2 084 $aAMS 93E 084 $aQA274.M35 100 1 $aMangel, Marc$055836 245 10$aDecision and control in uncertain resource systems /$cMarc Mangel 260 $aOrlando :$bAcademic Press,$cc1985 300 $axiii, 255 p. :$bill. ;$c24 cm 490 0 $aMathematics in science and engineering.$pA series of monographs and textbooks,$x0076-5392 ;$v172 500 $aIncludes bibliographical references and index 650 0$aControl theory 650 0$aDynamic programming 650 0$aNatural resources 650 0$aRenewable natural resources 650 0$aStochastic processes 907 $a.b10759852$b23-02-17$c28-06-02 912 $a991000806559707536 945 $aLE013 93E MAN11 (1985)$g1$i2013000001395$lle013$o-$pE0.00$q-$rl$s- $t0$u0$v0$w0$x0$y.i10854988$z28-06-02 996 $aDecision and Control in Uncertain Resource Systems$9342164 997 $aUNISALENTO 998 $ale013$b01-01-94$cm$da $e-$feng$gus $h0$i1